Les Pokémon qui ont été ajoutés au Pokédex Régional dans Platine - Statistiques

Statistiques générales
  • Ce quiz a été pris 10 fois
    9 depuis la dernière actualisation
  • Le résultat moyen est 38 sur 60
Statistiques - réponses
Pokémon ajoutés au Pokédex Régional de Platine % Correct
Giratina
100%
Elekable
88%
Gallame
88%
Maganon
88%
Rhinastoc
88%
Togekiss
88%
Démolosse
75%
Elekid
75%
Elektek
75%
Gardevoir
75%
Kirlia
75%
Magby
75%
Magmar
75%
Malosse
75%
Porygon
75%
Porygon2
75%
Porygon-Z
75%
Rhinocorne
75%
Rhinoféros
75%
Scorvol
75%
Tarsal
75%
Yanmega
75%
Aquali
63%
Bouldeneu
63%
Cizayox
63%
Coudlangue
63%
Excelangue
63%
Givrali
63%
Insécateur
63%
Magnézone
63%
Mentali
63%
Momartik
63%
Motisma
63%
Noctali
63%
Noctunoir
63%
Phyllali
63%
Pyroli
63%
Pyroli
63%
Scorplane
63%
Togepi
63%
Togetic
63%
Voltali
63%
Yanma
63%
Absol
50%
Evoli
50%
Magnéti
50%
Magnéton
50%
Mammochon
50%
Oniglali
50%
Saquedeneu
50%
Skélénox
50%
Stalgamin
50%
Tarinor
50%
Téraclope
50%
Tropius
50%
Altaria
38%
Cochignon
38%
Marcacrin
38%
Tarinorme
38%
Tylton
38%
Aucun quiz correspondant
Distribution des résultats
% des personnes avec chaque résultat
Percentile par nombre de réponses
Votre historique - résultats
Vous n’avez pas pris ce quiz depuis la dernière actualisation